Bodies of Water on the World Map - Statistics

General Stats
  • This quiz has been taken 52,859 times
    45,195 since last reset
  • The average score is 54 of 140
Answers on the Map
Answers color-coded by a green-red scale on the quiz's map according to % correct below.
 
Answer Stats
Bodies of Water % Correct
Atlantic Ocean
97%
Pacific Ocean
97%
Indian Ocean
94%
Gulf of Mexico
90%
Red Sea
87%
Mediterranean Sea
86%
Black Sea
84%
Caribbean Sea
84%
North Sea
84%
Arctic Ocean
83%
Lake Michigan
80%
Caspian Sea
78%
Panama Canal
78%
Japan Sea
77%
Lake Superior
77%
Lake Erie
76%
Lake Victoria
73%
Gulf of Suez
72%
Suez Canal
71%
Baltic Sea
70%
South China Sea
70%
Bering Sea
69%
Bering Strait
69%
Hudson Bay
69%
Hudson Strait
69%
English Channel
68%
Adriatic Sea
67%
Bay of Bengal
67%
Lake Ontario
67%
Strait of Gibraltar
67%
Lake Huron
66%
Aegean Sea
64%
Tasman Sea
64%
Irish Sea
63%
Arabian Sea
62%
Persian Gulf (Gulf of Iran)
62%
Bay of Biscay
58%
Southern Ocean
58%
Gulf of California
57%
Lake Baikal
56%
Gulf of Guinea
53%
Yellow Sea
53%
Gulf of Alaska
52%
Lake Malawi
52%
Greenland Sea
51%
Lake Titicaca
50%
Norwegian Sea
46%
East China Sea
44%
Gulf of Aden
43%
Great Australian Bight
42%
Java Sea
42%
Lake Nicaragua
41%
Philippines Sea
41%
Baffin Bay
40%
Ionian Sea
39%
Bosporus
38%
Coral Sea
38%
Great Bear Lake
38%
Great Slave Lake
38%
Gulf of Finland
38%
Mozambique Channel
38%
Balearic (Iberian) Sea
37%
Lake Tanganyika
37%
Strait of Hormuz
37%
Taiwan Strait
37%
Gulf of Oman
36%
Gulf of Thailand
36%
Labrador Sea
36%
Coastal Waters of SE Alaska & BC (Salish Sea)
34%
Malacca Strait
34%
Strait of Magellan
34%
White Sea
33%
Bay of Fundy
32%
Sea of Azov
32%
Gulf of Venezuela
31%
Rio de la Plata
31%
Tyrrhennian Sea
31%
Andaman Sea
30%
Gulf of St. Lawrence
30%
Sea of Marmara
30%
Lake Winnipeg
29%
Gulf of Bothnia
28%
Timor Sea
28%
Strait of Singapore
27%
Barents Sea
25%
Northwestern Passages
25%
Sea of Okhotsk
25%
Cook Strait
24%
East Siberian Sea
24%
Bali Sea
23%
Dardanelles
23%
Gulf of Riga
23%
Solomon Sea
23%
Ligurian Sea
22%
Drake Passage
21%
Gulf of Aqaba
21%
Gulf of Tonkin
21%
Lake Ladoga
21%
Bristol Channel
19%
Celebes Sea
19%
Kara Sea
19%
Kattegat
19%
Beaufort Sea
18%
Laccadive Sea
18%
Skagerrak
18%
Denmark Strait
17%
Strait of Messina
17%
Alboran Sea
15%
Bass Strait
15%
Bismarck Sea
15%
Davis Strait
15%
Flores Sea
15%
Inner Seas
15%
Laptev Sea
15%
Ross Sea
15%
Arafura Sea
14%
Banda Sea
14%
Chukchi Sea
14%
Gulf of Carpentaria
14%
James Bay
14%
Lake Onega
14%
Lake Athabasca
13%
Lake Balkhash
13%
Sulu Sea
13%
Bab-el Mendeb Strait
12%
Makassar Strait
12%
Kerch Strait
11%
Molucca Sea
11%
Weddell Sea
10%
Amundsen Sea
8%
Lake Vostok
8%
Gulf of Boni
7%
Gulf of Tomini
7%
Halmahera Sea
7%
Savu Sea
7%
Seram Sea
7%
Scotia Sea
6%
Seto (Inland) Sea
6%
Bellingshausen Sea
5%
Lincoln Sea
5%
No matching quizzes found
Score Distribution
Percent of People with Each Score
Percentile by Number Answered
Your Score History
You have not taken this quiz since the last reset